K teórii a praxi rodinnej politiky. 4

Chápanie pojmu rodinná politika v medzinárodných rozmeroch. Päť téz, ktoré zohľadňujú niektoré problémové súvislosti v priemyselne vyspelých krajinách. Rodinná politika a realita rodín. Rodinná politika a náročné životné fázy rodín. Rodinná politika a medzigeneračná solidarita. Rodinná politika a ak...

Descripción completa

Guardado en:
Detalles Bibliográficos
Autor principal: Wingen, M.
Formato: Capítulo de libro
Lenguaje:eslovaco
Materias:
Etiquetas: Agregar Etiqueta
Sin Etiquetas, Sea el primero en etiquetar este registro!

MARC

LEADER 00000naa a2200000 4500
001 r021359
005 20230807093946.0
041 0 |a slo 
044 |a SK 
245 1 0 |a K teórii a praxi rodinnej politiky. 4  |c M. Wingen 
520 |a Chápanie pojmu rodinná politika v medzinárodných rozmeroch. Päť téz, ktoré zohľadňujú niektoré problémové súvislosti v priemyselne vyspelých krajinách. Rodinná politika a realita rodín. Rodinná politika a náročné životné fázy rodín. Rodinná politika a medzigeneračná solidarita. Rodinná politika a aktívne rodičovstvo. (Zur Theorie und Praxis der Familienpolitik. Frankfurt/Main 1994.) 
610 2 0 |a politika rodinná 
610 2 0 |a rodina 
610 2 0 |a spoločnosť 
610 2 0 |a krajiny vyspelé 
100 1 |a Wingen, M.